000 01408nam0a22003011 4500
001 rc\4441807
005 20130416160628.5
021 _aRU
_b[61-8668]
035 _a(NLR Aleph) 008581968
090 _a8590805
_c8590805
100 _a20130416d1961 |||y0rusy50 ca
101 0 _arus
102 _aRU
105 _aa b |||||
200 1 _aИзмерители сопротивления заземления, искробезопасные М1103
_eКаталог
_f[Изготовитель: завод "Точэлектроприбор" г. Киев
210 _aМосква
_cБ. и.
_d1961]
215 _a7 с.
_cил.
_d29
225 1 _aЦентральный институт научно-технической информации электротехнической промышленности и приборостроения
_v4255
300 _aВ вып. дан. сост.: М.А. Цукрова
606 _aЭлектрические сопротивления
_xИзмерение
_2psbo
606 _aЗаземляющие устройства
_xИзмерение сопротивления
_2psbo
606 _aЭлектроизмерительные приборы, переносные
_jКаталоги
_2psbo
702 1 _aЦукрова
_bМ. А.
_4220
801 0 _aRU
_bNLR
_gpsbo
801 1 _aRU
_bELAR
_2rusmarc
852 _aNLR
_jПт 20/1-4255
942 _cBOOK
980 _aNB